| 000 | 00548nam a22001817a 4500 | ||
|---|---|---|---|
| 999 |
_c18345 _d18345 |
||
| 008 | 180726b xxu||||| |||| 00| 0 eng d | ||
| 020 | _a0073403281 | ||
| 040 |
_aKABU _cKABU |
||
| 050 |
_aHF5718 _b.C37 2016 c. 1 |
||
| 100 | _aCardon, Peter W. | ||
| 245 |
_aBusiness Communication _bDeveloping Leaders for Networked World _cPeter W. Cardon |
||
| 250 | _a2nd ed. | ||
| 260 |
_aNew York _bMcGrawHill _c2016 |
||
| 300 | _axxxvii, 548p. | ||
| 650 | _aBusiness Communication | ||
| 650 | _aBusiness Enterprises | ||
| 942 |
_2lcc _cBK _hHF5718 |
||